Proyecto de la creación de Centros de Atención Integral para la discapacidad física en beneficios del personal de la Primera Brigada de Infantería del Ejército De la República Dominicana / (Registro nro. 8756)

Detalles MARC
000 -CABECERA
campo de control de longitud fija 02086nam a22002657a 4500
003 - IDENTIFICADOR DEL NÚMERO DE CONTROL
campo de control DO-SdBJH
005 - FECHA Y HORA DE LA ÚLTIMA TRANSACCIÓN
campo de control 20260703224003.0
008 - DATOS DE LONGITUD FIJA--INFORMACIÓN GENERAL
campo de control de longitud fija 260703b2025 |||o|||| |||| 00| 0 spa d
040 ## - FUENTE DE LA CATALOGACIÓN
Centro catalogador/agencia de origen DO-SdBJH
Lengua de catalogación spa
Centro/agencia transcriptor DO-SdBJH
041 0# - CÓDIGO DE LENGUA
Código de lengua del texto/banda sonora o título independiente spa
090 ## - LOCALMENTE ASIGNADO TIPO-LC NÚMERO DE CLASIFICACIÓN (OCLC); NÚMERO DE CLASIFICACIÓN LOCAL (RLIN)
Número de clasificación (OCLC) (R) ; Numero de clasificación, CALL (RLIN) (NR) CT CM-0022
Número cutter local (OCLC) ; Número de libro/Signatura topográfica íntegra, CALL (RLIN) AMBC 2025
100 1# - ENTRADA PRINCIPAL--NOMBRE DE PERSONA
Nombre de persona Beltre Peña, Raymond Abrahan
Término indicativo de función/relación sustentante
245 10 - MENCIÓN DE TÍTULO
Título Proyecto de la creación de Centros de Atención Integral para la discapacidad física en beneficios del personal de la Primera Brigada de Infantería del Ejército De la República Dominicana /
Mención de responsabilidad, etc. Raymond Abrahán Beltre Peña, Marielys Girón Núñez ; asesor de contenido Glenis Polanco Reyes ; asesor metodológico Reynaldo Cruz Camacho.
260 ## - PUBLICACIÓN, DISTRIBUCIÓN, ETC.
Lugar de publicación, distribución, etc. Santo Domingo, República Dominicana :
Nombre del editor, distribuidor, etc. UNADE,
Fecha de publicación, distribución, etc. 2025.
300 ## - DESCRIPCIÓN FÍSICA
Extensión xvii, 63, [03] páginas :
Otras características físicas fotografías.
502 ## - NOTA DE TESIS
Nota de tesis Tesis y trabajos de grado (Licenciatura en Ciencias Militares)--Universidad Nacional para la Defensa "General Juan Pablo Duarte y Díez", Academia Militar "Batalla de las Carreras", Santo Domingo, 2025.
504 ## - NOTA DE BIBLIOGRAFÍA, ETC.
Nota de bibliografía, etc. Incluye referencias bibliográficas y anexos.
505 ## - NOTA DE CONTENIDO CON FORMATO
Nota de contenido con formato Fundamentos teóricos, técnicos y legales que sustentan la creación de Centros de Atención Integral para la discapacidad física en el ámbito militar -- Necesidades actuales, factibilidad y pertinencia de establecer Centros de Atención Integral para la Discapacidad Física en el Ejército de la República Dominicana -- Propuesta de creación de Centros de atención integral para la discapacidad física en el Ejército de la República Dominicana.
650 #7 - PUNTO DE ACCESO ADICIONAL DE MATERIA--TÉRMINO DE MATERIA
Fuente del encabezamiento o término lemb
Término de materia o nombre geográfico como elemento de entrada Personas con discapacidad física
Subdivisión de forma Tesis y disertaciones académicas
Subdivisión general Atención integral de salud
-- Servicios de salud militar
Subdivisión geográfica República Dominicana
650 #7 - PUNTO DE ACCESO ADICIONAL DE MATERIA--TÉRMINO DE MATERIA
Fuente del encabezamiento o término lemb
Término de materia o nombre geográfico como elemento de entrada Servicios de salud militar
Subdivisión de forma Tesis y disertaciones académicas
Subdivisión general Planificación de servicios de salud
-- Rehabilitación física
Subdivisión geográfica República Dominicana
700 1# - PUNTO DE ACCESO ADICIONAL--NOMBRE DE PERSONA
Nombre de persona Girón Núñez, Marielys
Término indicativo de función/relación sustentante
700 1# - PUNTO DE ACCESO ADICIONAL--NOMBRE DE PERSONA
Nombre de persona Polanco Reyes, Glenis
Término indicativo de función/relación asesor de contenido
700 1# - PUNTO DE ACCESO ADICIONAL--NOMBRE DE PERSONA
Nombre de persona Cruz Camacho, Reynaldo
Término indicativo de función/relación asesor metodológico
942 ## - ELEMENTOS DE PUNTO DE ACCESO ADICIONAL (KOHA)
Fuente del sistema de clasificación o colocación Clasificación Local
Tipo de ítem Koha Tesis
Existencias
Estado de retiro Estado de pérdida Fuente del sistema de clasificación o colocación Estado dañado No para préstamo Código de colección Localización permanente Ubicación/localización actual Ubicación en estantería Fecha de adquisición Número de inventario Total de préstamos Signatura topográfica completa Código de barras Fecha visto por última vez Número de copia Precio válido a partir de Tipo de ítem Koha
    Clasificación Local     Trabajos de Grado e Investigción SIBM UNADE - Biblioteca Sede Central SIBM UNADE - Biblioteca Sede Central En estantería 07/03/2026 25-02607   CT CM-0022 AMBC 2025 25-02607 07/03/2026 e.1 07/03/2026 Tesis
© Copyright 2016. Universidad Nacional para la Defensa.Todos los derechos reservados.

 

Designed & Maintained by: https://www.sibdweb.com.do
Sistema de Información & Bibliotecas (SIBD). Contact: pbrito2005@gmail.com